000
00319nam a22001337a 4500
005
20240118111355.0
008
240118b |||||||| |||| 00| 0 eng d
041
_a
eng
100
_a
KOTHARI, ATUL
_9
8395
245
_a
HIGHER EDUCATION: BHARTIYA PERSPECTIVE
300
_a
40;P
650
_a
LIFE SKILL
_9
8393
942
_c
BK
999
_c
8477
_d
8475